[Event "Rottach Egern Seniors Cup 12th"]
[Site "Rottach Egern"]
[Date "2024.04.08"]
[Round "3"]
[White "Haefele, Torsten"]
[Black "Baumann, Bettina"]
[Result "1/2-1/2"]
[WhiteElo "1824"]
[BlackElo "1713"]
[PlyCount "66"]
[EventDate "2024.04.06"]
[EventType "swiss"]
[EventRounds "9"]
[EventCountry "GER"]
[SourceTitle "CB16_2024"]
[SourceDate "2024.04.17"]
[SourceVersion "1"]
[SourceVersionDate "2024.04.17"]
[SourceQuality "1"]

1. e4 c5 2. d4 cxd4 3. c3 dxc3 4. Nxc3 Nc6 5. Nf3 d6 6. Bc4 e6 7. Bf4 a6 8. 0-0 Nf6 9. Qe2 Be7 10. Rfd1 Qc7 11. Rac1 0-0 12. Bb3 Rd8 13. Nd5 exd5 14. exd5 Re8 15. dxc6 bxc6 16. Ng5 Rf8 17. Qc2 Bb7 18. Rd3 h6 19. Rh3 c5 20. Rxh6 gxh6 21. Qg6+ Kh8 22. Nxf7+ Rxf7 23. Bxf7 Be4 24. Qxh6+ Nh7 25. Bd2 Bf6 26. Bb3 Qg7 27. Qxg7+ Kxg7 28. f3 Bd4+ 29. Kf1 Bd3+ 30. Ke1 Re8+ 31. Kd1 Bxb2 32. Bc3+ Bxc3 33. Rxc3 Bb5 1/2-1/2

[Event "Rottach Egern Seniors Cup 11th"]
[Site "Rottach Egern"]
[Date "2023.04.18"]
[Round "4"]
[White "Baumann, Bettina"]
[Black "Schneider, Peter5555"]
[Result "1/2-1/2"]
[WhiteElo "1539"]
[BlackElo "1690"]
[PlyCount "51"]
[EventDate "2023.04.15"]
[EventType "swiss"]
[EventRounds "9"]
[EventCountry "GER"]
[SourceTitle "EXT 2024"]
[Source "ChessBase"]
[SourceDate "2023.10.10"]
[SourceVersion "1"]
[SourceVersionDate "2023.10.10"]
[SourceQuality "1"]

1. d4 d5 2. c4 e5 3. dxe5 d4 4. Nf3 Nc6 5. g3 Bg4 6. Bg2 Bb4+ 7. Nbd2 Nge7 8. 0-0 Ng6 9. a3 Bxd2 10. Qxd2 a5 11. b3 Qd7 12. Bb2 Rd8 13. Rfe1 0-0 14. Rad1 Bxf3 15. Bxf3 Ncxe5 16. Bg2 Rfe8 17. Bd5 Qh3 18. Bg2 Qd7 19. Bc1 Qf5 20. f3 Re6 21. Rf1 Red6 22. c5 R6d7 23. Qb2 h5 24. e4 dxe3 25. Rxd7 Rxd7 26. Bxe3 1/2-1/2

[Event "Rottach Egern Seniors Cup 10th"]
[Site "Rottach Egern"]
[Date "2022.04.02"]
[Round "8"]
[White "Baumann, Bettina"]
[Black "Wraga, Teresa"]
[Result "1-0"]
[WhiteElo "1649"]
[BlackElo "1553"]
[PlyCount "143"]
[EventDate "2022.03.26"]
[EventType "swiss"]
[EventRounds "9"]
[EventCountry "GER"]
[SourceTitle "CBM 207 Extra"]
[Source "ChessBase"]
[SourceDate "2022.05.31"]
[SourceVersion "1"]
[SourceVersionDate "2022.05.31"]
[SourceQuality "1"]

1. d4 d6 2. c4 f5 3. Nc3 Nf6 4. Nf3 g6 5. e3 Bg7 6. Be2 0-0 7. 0-0 c6 8. Qc2 Na6 9. a3 Nc7 10. b4 b6 11. Bb2 Bb7 12. Rad1 Qe8 13. Ba1 Kh8 14. Rfe1 b5 15. c5 dxc5 16. dxc5 Ncd5 17. Ng5 e5 18. e4 Nxc3 19. Bxc3 h6 20. Nf3 Nxe4 21. Ba1 Kh7 22. Bd3 Rd8 23. Bxe4 Rxd1 24. Rxd1 fxe4 25. Qxe4 Qf7 26. Bb2 Qe7 27. Rd6 Rf6 28. Rd2 Rf8 29. h3 Rd8 30. Re2 Rd5 31. Bxe5 Rd7 32. Qc2 Qf7 33. Bd6 Qf5 34. Qxf5 gxf5 35. Ne5 Bxe5 36. Rxe5 Rf7 37. h4 Bc8 38. f3 Bd7 39. Kf2 a6 40. g3 Bc8 41. Ke3 Bd7 42. Kf4 Bc8 43. Re8 Bd7 44. Ra8 Be6 45. Rxa6 Bd5 46. Ra8 Kg6 47. a4 bxa4 48. Rxa4 Rb7 49. g4 fxg4 50. fxg4 Rf7+ 51. Ke5 Rb7 52. Bf8 Bf3 53. Kd6 Rf7 54. Be7 Rf4 55. h5+ Kh7 56. g5 hxg5 57. Bxg5 Rf5 58. Be7 Rxh5 59. Ra7 Kg6 60. Ra8 Rd5+ 61. Kc7 Kf7 62. Bd6 Rd3 63. Rf8+ Ke6 64. Rxf3 Rxf3 65. Kxc6 Rb3 66. b5 Kf7 67. b6 Ke8 68. b7 Kd8 69. b8Q+ Rxb8 70. Bxb8 Kc8 71. Ba7 Kd8 72. Kb7 1-0

[Event "Rottach Egern Seniors Cup 10th"]
[Site "Rottach Egern"]
[Date "2022.04.01"]
[Round "7"]
[White "Rauch, Norbert"]
[Black "Baumann, Bettina"]
[Result "1-0"]
[WhiteElo "1728"]
[BlackElo "1649"]
[PlyCount "65"]
[EventDate "2022.03.26"]
[EventType "swiss"]
[EventRounds "9"]
[EventCountry "GER"]
[SourceTitle "CBM 207 Extra"]
[Source "ChessBase"]
[SourceDate "2022.05.31"]
[SourceVersion "1"]
[SourceVersionDate "2022.05.31"]
[SourceQuality "1"]

1. c4 e5 2. Nc3 Nf6 3. g3 Nc6 4. Bg2 d6 5. e3 Be7 6. Nge2 Be6 7. b3 Rb8 8. d4 exd4 9. exd4 Bf5 10. 0-0 0-0 11. a3 Qd7 12. Nf4 Rfe8 13. Nce2 Bd8 14. Bb2 Ne7 15. Qd2 Ng6 16. f3 Nxf4 17. Nxf4 h6 18. g4 Bh7 19. h4 Qc6 20. g5 hxg5 21. hxg5 Nd7 22. g6 Bxg6 23. Nxg6 fxg6 24. f4 Qb6 25. Bd5+ Kf8 26. Qh2 Bf6 27. Qh8+ Ke7 28. Rae1+ Ne5 29. Qh3 Kf8 30. fxe5 dxe5 31. c5 Qa6 32. dxe5 Rbd8 33. Qh8+ 1-0

[Event "Rottach Egern Seniors Cup 10th"]
[Site "Rottach Egern"]
[Date "2022.03.27"]
[Round "2"]
[White "Baumann, Bettina"]
[Black "Streiter, Manfred"]
[Result "1/2-1/2"]
[WhiteElo "1649"]
[BlackElo "1872"]
[PlyCount "36"]
[EventDate "2022.03.26"]
[EventType "swiss"]
[EventRounds "9"]
[EventCountry "GER"]
[SourceTitle "CBM 207 Extra"]
[Source "ChessBase"]
[SourceDate "2022.05.31"]
[SourceVersion "1"]
[SourceVersionDate "2022.05.31"]
[SourceQuality "1"]

1. d4 Nf6 2. c4 c5 3. e3 g6 4. Nf3 Bg7 5. Nc3 0-0 6. Be2 cxd4 7. exd4 d5 8. c5 Nc6 9. 0-0 Ne4 10. Be3 Nxc3 11. bxc3 Qa5 12. Qb3 e6 13. Bd2 Qc7 14. g3 Na5 15. Qc2 f6 16. Rfe1 Bd7 17. Nh4 g5 18. Ng2 Nc4 1/2-1/2

[Event "SVR-ch Seniors"]
[Site "Heimbach Weis"]
[Date "2017.04.15"]
[Round "7"]
[White "Kohlei, Rolf"]
[Black "Baumann, Bettina"]
[Result "1-0"]
[WhiteElo "2051"]
[BlackElo "1639"]
[PlyCount "97"]
[EventDate "2017.04.07"]
[EventType "swiss"]
[EventRounds "7"]
[EventCountry "GER"]
[SourceTitle "EXT 2020"]
[Source "ChessBase"]
[SourceDate "2019.10.17"]
[SourceVersion "1"]
[SourceVersionDate "2019.10.17"]
[SourceQuality "1"]

1. d4 d5 2. Nf3 Nf6 3. e3 Bg4 4. b3 e6 5. Be2 Be7 6. 0-0 0-0 7. Nbd2 Nbd7 8. Bb2 h6 9. c4 c6 10. a3 Bf5 11. Nh4 Bh7 12. g3 Ne4 13. Ng2 b6 14. Rc1 Rc8 15. Nf3 Ng5 16. Nfe1 Ne4 17. f3 Nef6 18. Nd3 Bd6 19. Ne5 Ne8 20. cxd5 cxd5 21. Nc6 Qf6 22. Ne7+ Qxe7 23. Rxc8 Bxa3 24. Bc3 Bd6 25. Qd2 Nb8 26. Rc1 Nc7 27. Rxf8+ Qxf8 28. b4 a6 29. Ra1 b5 30. Ra2 Qe7 31. Qe1 Nc6 32. Rb2 Bf5 33. Bf1 Kh7 34. e4 dxe4 35. fxe4 Bg6 36. e5 Bxe5 37. dxe5 Nd5 38. Nf4 Qa7+ 39. Rf2 Ne3 40. Nxg6 fxg6 41. Bh3 Nd5 42. Bg2 Nce7 43. Kh1 Nxc3 44. Rf7 Kg8 45. Rxe7 Qxe7 46. Qxc3 Qd7 47. h4 Qa7 48. Kh2 a5 49. bxa5 1-0

[Event "SVR-ch Seniors"]
[Site "Heimbach Weis"]
[Date "2017.04.08"]
[Round "2"]
[White "Baumann, Bettina"]
[Black "Vetter, Uwe"]
[Result "1-0"]
[WhiteElo "1639"]
[BlackElo "1315"]
[PlyCount "141"]
[EventDate "2017.04.07"]
[EventType "swiss"]
[EventRounds "7"]
[EventCountry "GER"]
[SourceTitle "EXT 2020"]
[Source "ChessBase"]
[SourceDate "2019.10.17"]
[SourceVersion "1"]
[SourceVersionDate "2019.10.17"]
[SourceQuality "1"]

1. d4 d5 2. c4 Nf6 3. Nc3 e6 4. e3 c6 5. Nf3 Be7 6. Be2 Nbd7 7. 0-0 0-0 8. Qc2 h6 9. a3 Re8 10. b4 Nf8 11. Rd1 Ng6 12. e4 Nh7 13. Bd3 dxc4 14. Bxc4 Ng5 15. Qe2 Nxf3+ 16. Qxf3 Bg5 17. Bb3 Qf6 18. Qxf6 Bxf6 19. e5 Be7 20. Ne4 Rd8 21. Be3 b6 22. f4 Nh4 23. Rac1 Bb7 24. g3 Ng6 25. Bc2 Rd7 26. Ba4 b5 27. Bc2 a5 28. Nc5 Bxc5 29. dxc5 Nf8 30. Rxd7 Nxd7 31. Rd1 Nf8 32. Be4 axb4 33. axb4 Ra3 34. Bf2 Ra4 35. Be1 g6 36. h3 Ra3 37. Rd6 Ra6 38. Kf2 Ra2+ 39. Kf1 Ra6 40. h4 h5 41. Bf3 Ra3 42. Kf2 Ra6 43. g4 hxg4 44. Bxg4 Ra2+ 45. Kg3 Ra3+ 46. Bf3 Ra6 47. Rd3 Ra1 48. Bd2 Kg7 49. Kg2 Ra2 50. h5 f6 51. exf6+ Kxf6 52. h6 Kf7 53. Kg3 Kg8 54. Bc3 Ra3 55. Kg4 Ra7 56. Bg7 Ra8 57. Kg5 Kh7 58. Bxf8 Rxf8 59. Rd7+ Kg8 60. Rxb7 Rf5+ 61. Kxg6 Rf8 62. Rg7+ Kh8 63. Bxc6 Rxf4 64. Bxb5 Rxb4 65. Bd3 Rd4 66. Bb5 e5 67. c6 Rd6+ 68. Kg5 Rd5 69. c7 Rc5 70. Ba6 e4+ 71. Kf4 1-0

[Event "Rheinland Pfalz op 8th"]
[Site "Reil an der Mosel"]
[Date "2016.05.27"]
[Round "4"]
[White "Loesch, Torsten"]
[Black "Baumann, Bettina"]
[Result "1/2-1/2"]
[WhiteElo "1976"]
[BlackElo "1647"]
[PlyCount "40"]
[EventDate "2016.05.26"]
[EventType "swiss"]
[EventRounds "7"]
[EventCountry "GER"]
[SourceTitle "EXT 2018"]
[Source "ChessBase"]
[SourceDate "2017.10.13"]
[SourceVersion "1"]
[SourceVersionDate "2017.10.13"]
[SourceQuality "1"]

1. e4 c5 2. Nc3 Nc6 3. f4 e6 4. Nf3 d6 5. Bc4 Nge7 6. 0-0 Ng6 7. f5 Nge5 8. Nxe5 Nxe5 9. Bb5+ Bd7 10. fxe6 fxe6 11. Bxd7+ Qxd7 12. d4 cxd4 13. Qxd4 Be7 14. Bf4 Bf6 15. Qb4 a6 16. Rad1 Rd8 17. Bxe5 Bxe5 18. Rf3 Rf8 19. Rdf1 Rxf3 20. Rxf3 Ke7 1/2-1/2

[Event "Rheinland Pfalz op 7th"]
[Site "Frankenthal"]
[Date "2015.06.06"]
[Round "4"]
[White "Baumann, Bettina"]
[Black "Fink, Joachim"]
[Result "1-0"]
[WhiteElo "1704"]
[BlackElo "1487"]
[PlyCount "159"]
[EventDate "2015.06.04"]
[EventType "swiss"]
[EventRounds "7"]
[EventCountry "GER"]
[SourceTitle "EXT 2017"]
[Source "ChessBase"]
[SourceDate "2016.10.25"]
[SourceVersion "1"]
[SourceVersionDate "2016.10.25"]
[SourceQuality "1"]

1. d4 e6 2. c4 c6 3. Nc3 d5 4. cxd5 cxd5 5. Nf3 Be7 6. e3 Nf6 7. Bb5+ Nfd7 8. 0-0 0-0 9. Bd2 Nf6 10. Bd3 a6 11. Rc1 Nc6 12. a3 b6 13. Na4 Bd7 14. b4 Nb8 15. Nc3 a5 16. bxa5 Bxa3 17. Ra1 Bd6 18. axb6 Rxa1 19. Qxa1 Qxb6 20. Rb1 Qc7 21. Nb5 Bxb5 22. Rxb5 Nc6 23. Qb1 Rb8 24. Rxb8+ Nxb8 25. g3 g6 26. Qb5 Nc6 27. Qa4 Kg7 28. Bb5 Ne7 29. Qa6 Ne4 30. Bd3 Nf6 31. Ba5 Qc1+ 32. Kg2 Qa3 33. Qb5 Qc1 34. Nd2 Qc8 35. Nb3 Nc6 36. Bb6 Qb7 37. Nc5 Bxc5 38. Bxc5 Qxb5 39. Bxb5 Na5 40. f3 Nb3 41. Bb4 Na1 42. Ba4 Ng8 43. Bc3 Nb3 44. Bxb3 Kf8 45. Ba4 Ke7 46. Bb4+ Kf6 47. h4 h5 48. Bd6 Kg7 49. g4 Nh6 50. Bf4 hxg4 51. Bxh6+ Kxh6 52. fxg4 Kg7 53. Kf3 Kf6 54. g5+ Ke7 55. Kf4 f6 56. Bc2 f5 57. Ke5 Kf7 58. Kd6 f4 59. exf4 e5 60. Kxe5 Kg7 61. Kxd5 Kf7 62. Kc6 Ke7 63. Kc7 Ke6 64. Bb3+ Kf5 65. d5 Kxf4 66. d6 Kg4 67. Bc2 Kxh4 68. Bxg6 Kxg5 69. d7 Kxg6 70. d8Q Kf5 71. Qe8 Kf4 72. Kd6 Kf5 73. Qe5+ Kg4 74. Qf6 Kg3 75. Ke5 Kg4 76. Qf4+ Kh3 77. Qg5 Kh2 78. Kf4 Kh1 79. Kf3 Kh2 80. Qg2# 1-0

[Event "Rheinland Pfalz op 7th"]
[Site "Frankenthal"]
[Date "2015.06.04"]
[Round "1"]
[White "Mueller, Erich2222"]
[Black "Baumann, Bettina"]
[Result "1-0"]
[WhiteElo "2116"]
[BlackElo "1704"]
[PlyCount "77"]
[EventDate "2015.06.04"]
[EventType "swiss"]
[EventRounds "7"]
[EventCountry "GER"]
[SourceTitle "EXT 2017"]
[Source "ChessBase"]
[SourceDate "2016.10.25"]
[SourceVersion "1"]
[SourceVersionDate "2016.10.25"]
[SourceQuality "1"]

1. f4 e6 2. Nf3 Nc6 3. e3 Nf6 4. b3 Be7 5. Bb2 b6 6. Be2 Bb7 7. 0-0 0-0 8. Qe1 h6 9. d3 Nb4 10. Bd1 c5 11. a3 Nc6 12. Nbd2 d5 13. e4 d4 14. Nc4 Ng4 15. h3 Nf6 16. Nfe5 Nh7 17. Bg4 b5 18. Nxc6 Bxc6 19. Ne5 Be8 20. Qf2 f5 21. exf5 exf5 22. Bf3 Rb8 23. b4 Rb6 24. Rfe1 Nf6 25. Re2 Nd5 26. bxc5 Bxc5 27. Bxd4 Bxd4 28. Qxd4 Rd6 29. Bxd5+ Rxd5 30. Qxa7 Qd6 31. Qf2 g5 32. c4 bxc4 33. dxc4 Rc5 34. Rae1 Bh5 35. Rd2 Qc7 36. Nd7 Rxc4 37. Nxf8 Rxf4 38. Qe3 Kxf8 39. Qe6 1-0

[Event "SVR op"]
[Site "Nickenich"]
[Date "2015.03.29"]
[Round "3"]
[White "Stein, Dirk"]
[Black "Baumann, Bettina"]
[Result "1-0"]
[WhiteElo "1664"]
[BlackElo "1541"]
[PlyCount "53"]
[EventDate "2015.03.28"]
[EventType "swiss"]
[EventRounds "7"]
[EventCountry "GER"]
[SourceTitle "EXT 2016"]
[Source "ChessBase"]
[SourceDate "2015.10.08"]
[SourceVersion "1"]
[SourceVersionDate "2015.10.08"]
[SourceQuality "1"]

1. e4 c5 2. Nf3 Nc6 3. d4 cxd4 4. c3 dxc3 5. Nxc3 d6 6. Bc4 e6 7. 0-0 Nf6 8. Qe2 Be7 9. Rd1 e5 10. Be3 0-0 11. Rac1 b6 12. Nd5 Bb7 13. Nxf6+ Bxf6 14. Bd5 Na5 15. Bxb7 Nxb7 16. Nxe5 Bxe5 17. f4 Bf6 18. e5 Be7 19. f5 Bg5 20. Bxg5 Qxg5 21. f6 Qxe5 22. Qf3 Nc5 23. fxg7 Kxg7 24. Rc4 Rae8 25. Rg4+ Kh8 26. Rg3 Qe2 27. Qf6# 1-0

[Event "Rheinland Pfalz op 3rd"]
[Site "Gau Algesheim"]
[Date "2011.07.29"]
[Round "3"]
[White "Kronenburg, Gerd"]
[Black "Baumann, Bettina"]
[Result "1-0"]
[WhiteElo "1741"]
[BlackElo "1489"]
[PlyCount "55"]
[EventDate "2011.07.28"]
[EventType "swiss"]
[EventRounds "7"]
[EventCountry "GER"]
[SourceTitle "EXT 2013"]
[Source "ChessBase"]
[SourceDate "2012.11.22"]
[SourceVersion "1"]
[SourceVersionDate "2012.11.22"]
[SourceQuality "1"]

1. e4 c5 2. Nf3 Nc6 3. d4 cxd4 4. Nxd4 d6 5. Nc3 Nf6 6. Bc4 g6 7. f3 Bg7 8. Be3 0-0 9. Qd2 Bd7 10. g4 Rc8 11. Be2 a6 12. 0-0-0 Ne5 13. h4 b5 14. h5 Nc4 15. Bxc4 Rxc4 16. Nb3 Qc7 17. Na1 b4 18. Nd5 Nxd5 19. exd5 a5 20. Bh6 Rc8 21. Bxg7 Kxg7 22. hxg6 fxg6 23. Qh6+ Kf6 24. Qh4+ Kf7 25. Qxh7+ Kf6 26. Rd2 Qc5 27. g5+ Kxg5 28. Qxe7+ 1-0

[Event "GER Seniors Derby 09th"]
[Site "Wesel Undeloh"]
[Date "2010.04.09"]
[Round "3.16"]
[White "Elborg, Klaus"]
[Black "Baumann, Bettina"]
[Result "1-0"]
[WhiteElo "1764"]
[BlackElo "1595"]
[PlyCount "109"]
[EventDate "2010.04.08"]
[EventType "swiss"]
[EventRounds "7"]
[EventCountry "GER"]
[SourceTitle "EXT 2022"]
[Source "ChessBase"]
[SourceDate "2021.10.06"]
[SourceVersion "1"]
[SourceVersionDate "2021.10.06"]
[SourceQuality "1"]

1. d4 d5 2. c4 e6 3. Nc3 Nf6 4. Bg5 Be7 5. Nf3 c6 6. e3 0-0 7. Rc1 Nbd7 8. cxd5 exd5 9. Bd3 Qc7 10. 0-0 Re8 11. Bb1 Nf8 12. Bxf6 Bxf6 13. Nxd5 Qd6 14. Nxf6+ Qxf6 15. h3 Ng6 16. Bxg6 Qxg6 17. Kh1 Be6 18. b3 Rad8 19. Rc5 f6 20. Qb1 Qh6 21. Nh2 Rd5 22. Rxd5 Bxd5 23. Qf5 Be6 24. Qf3 Bd5 25. Qg3 Qh5 26. Qg4 Qxg4 27. Nxg4 Kf7 28. Re1 h5 29. Nh2 g5 30. f3 f5 31. Kg1 a5 32. Kf2 b5 33. Nf1 Ra8 34. e4 fxe4 35. fxe4 Be6 36. Rc1 Rc8 37. Rc5 Kf6 38. Ng3 h4 39. Nf5 Bd7 40. g4 hxg3+ 41. Kxg3 Rg8 42. Nh6 Rg6 43. Ng4+ Ke6 44. Ne5 Rg7 45. Nxc6 a4 46. Ne5 Be8 47. Nf3 axb3 48. axb3 Kf6 49. Rf5+ Ke6 50. Nxg5+ Kd6 51. Kf4 Rc7 52. Rd5+ Ke7 53. Rc5 Ra7 54. e5 Rd7 55. d5 1-0